000 01054pam a2200289 a 4500
001 4889551
003 OSt
005 20140310181622.0
008 930927s1994 mnu j 000 0 eng
020 _a0915793660
_c$7.95
050 0 0 _aBF 724.3.G73
_b.G66 1994
082 0 0 _aHS 155.937
_bG73G66 1994
100 1 _aGootman, Marilyn E.,
_d1944-
_99837
245 1 0 _aWhen a friend dies :
_ba book for teens about grieving & healing /
_cMarilyn E. Gootman ; edited by Pamela Espeland.
260 _aMinneapolis :
_bFree Spirit,
_cc1994.
300 _aix, 107 p. ;
_c18 cm.
541 _j1
650 0 _aGrief in adolescence
_vJuvenile literature.
_99838
650 0 _aBereavement in children
_vJuvenile literature.
_99839
650 0 _aBereavement in adolescence
_vJuvenile literature.
_99840
650 0 _aGrief in children
_vJuvenile literature.
_99841
650 0 _aTeenagers and death
_vJuvenile literature.
_99842
650 0 _aChildren and death
_vJuvenile literature.
_99843
650 1 _aDeath.
_99844
650 1 _aGrief.
_99845
942 _2lcc
_cHS
999 _c164
_d164